Statistiques concernant Focus sur: Barty Croupton Sr.- Harry Potter

Cliquez ici pour prendre le quiz!

Statistiques générales

  • Ce quiz a été pris 138 fois
  • Le résultat moyen est 7 sur 8

Statistiques - réponses

Informations recherchéesRéponses% Correct
Première apparitionHarry Potter et la Coupe de Feu
100%
Statut du sangSang-Pur
100%
FilsBarty Croupton Jr.
99%
ProfessionEmployé du Ministère de la Magie
90%
Vrai prénomBartemius
89%
Couleur des cheveuxGris
87%
Lieu de rencontre avec Harry PotterCoupe du monde de Quidditch
72%
Acteur l'interprétant dans les filmsRoger Lloyd Pack
25%

Distribution des résultats

Percentile par nombre de réponses

% des personnes avec chaque résultat

Votre développement - résultats

Vous n’avez pas pris ce quiz